[Event "San Sebastian Nagusia op"]
[Site "San Sebastian"]
[Date "2008.10.25"]
[Round "1"]
[White "Lazkano Gaite, Tomas"]
[Black "Juez Villar, Erik"]
[Result "0-1"]
[WhiteElo "1776"]
[BlackElo "1960"]
[PlyCount "88"]
[EventDate "2008.10.25"]
[EventType "swiss"]
[EventRounds "7"]
[EventCountry "ESP"]
[SourceTitle "EXT 2011"]
[Source "ChessBase"]
[SourceDate "2010.11.26"]
[SourceVersion "1"]
[SourceVersionDate "2010.11.26"]
[SourceQuality "1"]

1. d4 Nf6 2. Nf3 c5 3. d5 b5 4. Bg5 Qb6 5. Nbd2 Nxd5 6. c4 bxc4 7. Nxc4 Qb4+ 8. Nfd2 h6 9. e4 hxg5 10. exd5 d6 11. a4 Ba6 12. Qg4 Rh4 13. Qf5 g6 14. Qc2 Bg7 15. Ra3 Qb7 16. Ne3 Bxf1 17. Ndxf1 Qxb2 18. Qxb2 Bxb2 19. Rb3 Rb4 20. Nd2 Nd7 21. Nec4 Rab8 22. Rxb2 Rxb2 23. Nxb2 Rxb2 24. h4 gxh4 25. Rxh4 Ne5 26. Rh8+ Kd7 27. Ra8 Rb7 28. Ke2 c4 29. f4 Nd3 30. g3 Nc5 31. Nxc4 Nxa4 32. Kf3 Nb6 33. Nxb6+ axb6 34. Kg4 b5 35. Kg5 b4 36. Kh6 b3 37. Ra1 b2 38. Rb1 Ke8 39. Kg7 Rb4 40. Kh6 Kf8 41. Kg5 Kg7 42. g4 e6 43. f5 f6+ 44. Kh4 gxf5 0-1

[Event "San Sebastian op 30th"]
[Site "San Sebastian"]
[Date "2007.04.08"]
[Round "9"]
[White "Lazkano Gaite, Tomas"]
[Black "Larranaga Aldalur, Jose Joaquin"]
[Result "1/2-1/2"]
[WhiteElo "1757"]
[BlackElo "1901"]
[PlyCount "65"]
[EventDate "2007.04.01"]
[EventType "swiss"]
[EventRounds "9"]
[EventCountry "ESP"]
[SourceTitle "CBM 117 Extra"]
[Source "ChessBase"]
[SourceDate "2007.05.09"]
[SourceVersion "1"]
[SourceVersionDate "2007.05.09"]
[SourceQuality "1"]

1. d4 Nf6 2. c4 e5 3. dxe5 Ne4 4. Nf3 Bb4+ 5. Bd2 Nxd2 6. Nbxd2 Nc6 7. e3 Qe7 8. a3 Bxd2+ 9. Qxd2 Nxe5 10. Nxe5 Qxe5 11. Be2 d6 12. 0-0 Bf5 13. f4 Qf6 14. Bf3 0-0 15. Rad1 Rae8 16. Qa5 Qe6 17. Qxc7 Qxe3+ 18. Kh1 Bd3 19. Rg1 Be2 20. Bxe2 Qxe2 21. Rxd6 Rc8 22. Qd7 Rxc4 23. f5 Rc2 24. f6 Qe4 25. Rd4 Qe5 26. Rg4 g6 27. Rg3 Re2 28. Rf3 Qe4 29. Qh3 h5 30. Qg3 Qe5 31. Qh4 Re4 32. Qf2 Re2 33. Qh4 1/2-1/2

[Event "San Sebastian op 30th"]
[Site "San Sebastian"]
[Date "2007.04.06"]
[Round "7"]
[White "Lazkano Gaite, Tomas"]
[Black "Estevez Pegenaute, Eduardo"]
[Result "1-0"]
[WhiteElo "1757"]
[BlackElo "1437"]
[PlyCount "59"]
[EventDate "2007.04.01"]
[EventType "swiss"]
[EventRounds "9"]
[EventCountry "ESP"]
[SourceTitle "CBM 117 Extra"]
[Source "ChessBase"]
[SourceDate "2007.05.09"]
[SourceVersion "1"]
[SourceVersionDate "2007.05.09"]
[SourceQuality "1"]

1. d4 Nf6 2. c4 g6 3. Nc3 d5 4. a4 Bg7 5. Bf4 a6 6. e3 0-0 7. Nf3 c6 8. Bd3 Nbd7 9. a5 Re8 10. 0-0 e6 11. b4 dxc4 12. Bxc4 Nd5 13. Nxd5 cxd5 14. Bd3 Nf6 15. Rc1 Nh5 16. Bc7 Qe7 17. Bb6 Qxb4 18. Rc7 Bf8 19. Ng5 Re7 20. Bc5 Qxa5 21. Rxe7 Bxe7 22. Bxe7 Qc7 23. Ba3 b5 24. Nxh7 Kxh7 25. Qxh5+ Kg7 26. Qg5 Bd7 27. Rc1 Qa5 28. Be7 Qd2 29. Bf6+ Kg8 30. Rf1 1-0

[Event "Gipuzko-ch"]
[Site "Eibar"]
[Date "2006.10.28"]
[Round "2.8"]
[White "Lazkano Gaite, Tomas"]
[Black "Villar Moron, Roberto"]
[Result "1/2-1/2"]
[WhiteElo "1755"]
[BlackElo "2001"]
[PlyCount "104"]
[EventDate "2006.10.21"]
[EventType "swiss"]
[EventRounds "7"]
[EventCountry "ESP"]
[SourceTitle "EXT 2024"]
[Source "ChessBase"]
[SourceDate "2023.10.10"]
[SourceVersion "1"]
[SourceVersionDate "2023.10.10"]
[SourceQuality "1"]

1. e4 c5 2. Nf3 d6 3. d4 cxd4 4. Nxd4 Nf6 5. Nc3 a6 6. Be2 e6 7. 0-0 Be7 8. Be3 0-0 9. f4 Nbd7 10. b4 Qc7 11. Qe1 d5 12. e5 Bxb4 13. Ncb5 axb5 14. Qxb4 Ne4 15. Bxb5 b6 16. c4 Ba6 17. a4 dxc4 18. Bc6 Bb7 19. Bxb7 Qxb7 20. Rfc1 Rfc8 21. Rxc4 Rxc4 22. Qxc4 Rc8 23. Qb4 Nc3 24. a5 Nd5 25. Qe1 bxa5 26. h3 Nxe3 27. Qxe3 Qb4 28. Nf3 Qc5 29. Qd4 Ra8 30. Kf2 Qxd4+ 31. Nxd4 Nc5 32. Nb5 f6 33. Ke3 Kf7 34. Rc1 Nb3 35. Rc7+ Kg6 36. g4 a4 37. Na3 fxe5 38. fxe5 Ra6 39. h4 Na5 40. Kf4 h6 41. h5+ Kh7 42. g5 Kg8 43. Rc8+ Kf7 44. g6+ Ke7 45. Rg8 Nc6 46. Rxg7+ Kf8 47. Rh7 Kg8 48. Rxh6 Ra7 49. g7 Nd4 50. Ke4 Nb3 51. Rg6 Rxg7 52. Rxg7+ Kxg7 1/2-1/2

[Event "San Sebastian Gros op 16th"]
[Site "San Sebastian"]
[Date "2006.09.26"]
[Round "6"]
[White "Calderon, Jonathan"]
[Black "Lazkano Gaite, Tomas"]
[Result "1-0"]
[WhiteElo "2029"]
[BlackElo "1738"]
[PlyCount "77"]
[EventDate "2006.09.21"]
[EventType "swiss"]
[EventRounds "9"]
[EventCountry "ESP"]
[SourceTitle "CBM 114 Extra"]
[Source "ChessBase"]
[SourceDate "2006.11.03"]
[SourceVersion "1"]
[SourceVersionDate "2006.11.03"]
[SourceQuality "1"]

1. e4 e5 2. Nf3 Nf6 3. Nc3 Nc6 4. d4 exd4 5. Nxd4 Ne5 6. f4 Ng6 7. e5 Ng8 8. Bb5 c6 9. Ba4 d6 10. Nxc6 bxc6 11. Bxc6+ Bd7 12. Bxa8 Qxa8 13. 0-0 dxe5 14. fxe5 Bc5+ 15. Kh1 Bc6 16. Qg4 N8e7 17. Bf4 Nh4 18. Rg1 Neg6 19. Bg5 Nxg2 20. Rxg2 0-0 21. Re1 Bf3 22. Qg3 Bxg2+ 23. Qxg2 Qxg2+ 24. Kxg2 Bd4 25. Nd5 Bxb2 26. Ne7+ Kh8 27. Nxg6+ hxg6 28. Be7 Re8 29. Bd6 Re6 30. c4 f6 31. c5 Bxe5 32. Bxe5 Rxe5 33. Kf3 Rf5+ 34. Ke4 Rf2 35. Rc1 Rxh2 36. c6 Re2+ 37. Kf3 Rxa2 38. c7 Ra3+ 39. Kg4 1-0

[Event "San Sebastian Gros op 16th"]
[Site "San Sebastian"]
[Date "2006.09.24"]
[Round "4"]
[White "Pinilla Santibanez, Roberto"]
[Black "Lazkano Gaite, Tomas"]
[Result "1-0"]
[WhiteElo "2114"]
[BlackElo "1738"]
[PlyCount "35"]
[EventDate "2006.09.21"]
[EventType "swiss"]
[EventRounds "9"]
[EventCountry "ESP"]
[SourceTitle "CBM 114 Extra"]
[Source "ChessBase"]
[SourceDate "2006.11.03"]
[SourceVersion "1"]
[SourceVersionDate "2006.11.03"]
[SourceQuality "1"]

1. c4 e6 2. Nc3 Nf6 3. d4 d5 4. e3 c5 5. Nf3 cxd4 6. exd4 Nc6 7. Bd3 Be7 8. 0-0 0-0 9. Bg5 dxc4 10. Bxc4 Re8 11. Bb3 Nb4 12. Qe2 Nfd5 13. Bxe7 Nxe7 14. Rfe1 a6 15. Rad1 Nbd5 16. Qe4 h6 17. Nxd5 Nxd5 18. Bxd5 1-0